NEZAMENITELNÉ OZNAČOVANIE CHRÁNENÝCH DRUHOV ŽIVOČÍCHOV

Bibliographic Details
Main Authors: Pokorádi, Jaroslav, 1976- (Author), Kúbek, Alojz, 1941-2020 (Author), Vašíček, D. (Author), Kulíšek, V. (Author)
Format: Article
Language:Slovak
ISBN:8088985668

MARC

LEADER 00000naa a2200000uu 4500
001 vtls011070608
003 SK-MaSNL
005 20260302140723.0
008 210908|2002 xo |||||||||||||||||slo|
015 |a SNBRA 
035 |a (urnnbn)urn:nbn:sk:snk:ar-a0ca8j 
035 |a (uuid)d988d264-2b7c-4e28-a2a2-08221f5d9eac 
035 |a urn:nbn:sk:snk-aavgje 
040 |a SNKBUCL  |b slo  |c SNKBUCL  |e AACR2 
041 0 |a slo 
044 |a xo  |c SK 
100 1 |a Pokorádi, Jaroslav,  |d 1976-  |4 aut  |9 234430 
245 1 0 |a NEZAMENITELNÉ OZNAČOVANIE CHRÁNENÝCH DRUHOV ŽIVOČÍCHOV  |c J. Pokorádi, A. Kúbek, D. Vašíček, V. Kulíšek 
246 3 |a IRREPLACEABLE MARKS OF ENDANGERED SPECIES OF ANIMALS 
700 1 |a Kúbek, Alojz,  |d 1941-2020  |4 aut  |9 233784 
700 1 |a Vašíček, D.  |4 aut  |9 772920 
700 1 |a Kulíšek, V.  |4 aut  |9 815340 
773 0 |t 5. košický morfologický deň s medzinárodnou účasťou  |d Košice : Univerzita veterinárskeho lekárstva, 2002  |g S. 37-38  |z 8088985668 
958 |a OND 
958 |a article12 
958 |a chapter 
999 |c 1332095  |d 1334025